The think factory : Managing today’s most precious resource, people!
The debut title in Wiley’s Microsoft Executive Circle Series, The Think Factory shows you—using case studies and sample improvement plans—how intangibles such as collaboration and business intelligence interact to create tangible value and identifies the best practices for expanding your company’s i...
Gespeichert in:
| 1. Verfasser: | |
|---|---|
| Format: | Buch |
| Sprache: | Undetermined |
| Veröffentlicht: |
Hoboken, N.J.
John Wiley & Sons, Inc.
2007
|
| Schlagworte: | |
| Tags: |
Tag hinzufügen
Keine Tags, Fügen Sie den ersten Tag hinzu!
|
| Thư viện lưu trữ: | Trung tâm Học liệu Trường Đại học Cần Thơ |
|---|
| LEADER | 01019nam a2200217Ia 4500 | ||
|---|---|---|---|
| 001 | CTU_165759 | ||
| 008 | 210402s9999 xx 000 0 und d | ||
| 020 | |c 34.95 | ||
| 082 | |a 658.4038 | ||
| 082 | |b C767 | ||
| 100 | |a Conway, Susan | ||
| 245 | 4 | |a The think factory : | |
| 245 | 0 | |b Managing today’s most precious resource, people! | |
| 245 | 0 | |c Susan D. Conway | |
| 260 | |a Hoboken, N.J. | ||
| 260 | |b John Wiley & Sons, Inc. | ||
| 260 | |c 2007 | ||
| 520 | |a The debut title in Wiley’s Microsoft Executive Circle Series, The Think Factory shows you—using case studies and sample improvement plans—how intangibles such as collaboration and business intelligence interact to create tangible value and identifies the best practices for expanding your company’s investment in people and procedures. | ||
| 650 | |a Knowledge management,Productivity accounting,Kiến thức quản lý,Kế toán sản xuất | ||
| 904 | |i Trọng Hải | ||
| 980 | |a Trung tâm Học liệu Trường Đại học Cần Thơ | ||